000 00329nam a22001457a 4500
008 230517b ||||| |||| 00| 0 eng d
020 _a0534240259
041 _aeng
080 _2FOURTH EDITION
_a7
082 _a7BAR
100 _a20
101 _aART
245 _aTHEATRE A WAY OF SEEING
_cBARRANGER. S.M
942 _2udc
_cBK
999 _c59767
_d59767